000 nam a22 7a 4500
999 _c10325
_d10325
008 180213b ||||| |||| 00| 0 eng d
100 _aJaib, M J
_96285
245 _aGeneral Knowledge -VI
260 _aNew Delhi
_bS, Dinesh Publication
_c2013